000 00613nam a22001937a 4500
003 OSt
005 20180116183030.0
008 151217b xxu||||| |||| 00| 0 eng d
020 _a02-607-2014-2
024 _202-607-2014-2
040 _cLahore LUMS
082 _a 174.4 LUM 2014
100 _aAKHTAR MF, BHATTI A, ASHRAF J
245 _aUNDERSTANDING ENDOWMENT FUNDS - TECHNICAL NOTE
_cAKHTAR MF, BHATTI A, ASHRAF J
260 _aLahore LUMS
_b Lahore University of Management Sciences
_c2014
300 _a18 p.
_bPapers
440 _aUNDERSTANDING ENDOWMENT FUNDS - TECHNICAL NOTE
942 _2ddc
_cCS
999 _c350953
_d350953